000 01671nam a2200397 i 4500
001 195699
003 SpMaBN
005 20250825062652.0
007 ta
008 240709s2023 sp a | |||| 000 0dspa
017 _aM 34761-2023
_bOficina Depósito Legal Madrid
020 _a9788409569359
035 _aa6837023
040 _aSpMaBN
_bspa
_cSpMaBN
_erda
_dES-MaACL
080 _a7.038
245 1 0 _aArt Room :
_bespacio experimental, 2024-2026 /
_cedición, Alfonso González-Calero ; textos, Alfonso González-Calero González, Carlos Barrantes ; maquetación y traducciones, Josselyn Romero
264 1 _aMadrid :
_bInvestigación y Arte,
_c[2023]
300 _a110 páginas
_bilustraciones (blanco y negro y color)
_c16 x 24 cm
336 _aTexto
_aImagen fija
_2rdacontent
337 _asin mediación
_2rdamedia
338 _avolumen
_2rdacarrier
500 _aCatalogación provisional: N-10105. Depósito J
546 _aTextos en español y traducción en inglés
650 0 _aArte español-
_yS.XXI
_9237357
655 7 _aLibros ilustrados
_2tgfbne
_9193653
700 _aGonzález-Calero, Alfonso,
_d1951-
_eaut
_epbd
_9237358
700 _aBarrantes, Carlos
_eaut
_9238867
700 _aRomero, Josselyn
_etrl
_9238868
852 _aES-MaACL
_cDEPOJ
_jN-10105
_zEn proceso
_hDonación: editorial
_9203873
_xEncuadernación rústica
942 _n0
_cMONOGRAFIA
999 _c195699
_d195699